Lataa...

Modern physics

Bibliografiset tiedot
Päätekijä: Aruldhas, G; Rajagopal, P
Aineistotyyppi: Printed Book
Julkaistu: Prentice - Hall of India, Pvt. ltd., New Delhi 2018
Aiheet:
LEADER 00616nam a2200193 4500
020 |a 9788120325975  |c 395.00 
082 |a 539 ARU-M 
100 |a Aruldhas, G; Rajagopal, P 
245 |a Modern physics 
250
260 |a Prentice - Hall of India, Pvt. ltd., New Delhi  |c 2018 
300 |a 440 
490
500
590 |a Modern Book Centre  |b MBC/0086/2019 dt 16/04/2019  |c 395.00 
650 |a Modern physics 
942 |c BK 
999 |c 86512  |d 86512 
952 |0 0  |1 0  |4 0  |6 539_000000000000000_ARUM  |7 0  |9 99980  |a PHY  |b PHY  |d 2020-10-21  |g 395.00  |l 1  |o 539 ARU-M  |p PHY08171  |q 2020-11-05  |r 2020-10-21  |s 2020-10-21  |w 2019-09-24  |y BK